MARC

LEADER 00000nam0a2200000 4500
001 289636
005 20231102000215.0
035 |a (RuTPU)RU\TPU\book\314147 
090 |a 289636 
100 |a 20150402d1983 m y0rusy50 ca 
101 0 |a rus 
102 |a RU 
105 |a a z 001zb 
200 1 |a Горести и скитания (записки 1854-1877)  |e письма, воспоминания  |f М. Г. Савина 
210 |a Ленинград  |c Искусство  |d 1983 
215 |a 222 с.  |c ил. 
320 |a Библиография в примечаниях : с. 202-222 
600 1 |a Савина  |b М. Г.  |c русская актриса  |c основатель Дома ветеранов сцены  |f 1854-1915  |g Мария Гавриловна  |2 stltpush  |3 (RuTPU)RU\TPU\pers\19192  |9 7311 
606 1 |a Театр  |2 stltpush  |3 (RuTPU)RU\TPU\subj\58738  |9 76490 
610 1 |a театральная жизнь 
610 1 |a театральная культура 
610 1 |a актеры 
610 1 |a Россия 
610 1 |a 19 век 
610 1 |a письма 
610 1 |a воспоминания 
675 |a 792(092)  |v 3 
700 1 |a Савина  |b М. Г.  |g Мария Гавриловна 
801 1 |a RU  |b 63413507  |c 20150402 
801 2 |a RU  |b 63413507  |c 20180619  |g RCR 
942 |c BK